LEADER 00873cam0-2200313---450- 001 990005000340403321 005 20090630162712.0 035 $a000500034 035 $aFED01000500034 035 $a(Aleph)000500034FED01 035 $a000500034 100 $a19990604d1951----km-y0itay50------ba 101 0 $aeng 102 $aUS 105 $ay-------001yy 200 1 $aAmerican-spanisch syntax$fby Charles E. Kany 205 $a2nd ed. 210 $aChicago$cThe University of Chicago press$d1951 215 $aXII, 467 p.$d24 cm 610 0 $aLingua spagnola$aAmerica latina$aSintassi 676 $a467.98 700 1$aKany,$bCharles E.$0132687 801 0$aIT$bUNINA$gRICA$2UNIMARC 901 $aBK 912 $a990005000340403321 952 $a467.98 KAN 1$bIst.f.m.2326$fFLFBC 959 $aFLFBC 996 $aAmerican-spanisch syntax$9530405 997 $aUNINA LEADER 01219nas 22004212c 450 001 9910301724203321 005 20260218110055.0 011 $a2391-162X 024 7 $aurn:nbn:de:bsz:16-diglit-268606 035 $a(CKB)3840000000198622 035 $a(DE-101)1073620670 035 $a(DE-599)ZDB2827405-2 035 $a(DE-599)2827405-2 035 $a(EXLCZ)993840000000198622 100 $a20150708b18581866 |y | 101 0 $afre 135 $aur||||||||||| 181 $ctxt$2rdacontent 182 $cc$2rdamedia 183 $acr$2rdacarrier 200 00$aAlbum pratique de l'art industriel et des beaux-arts$fdirige? par C. A. Oppermann 210 31$aParis$cDunod$aParis$cLacroix$d1858-1866 215 $aOnline-Ressource 300 $aZusatz wechselt 311 08$a0982-1139 517 $aAlbum pratique de l'art industriel 608 $aZeitschrift$2gnd-content 676 $a700 686 $a9,10$2ssgn 686 $aKUNST$qDE-16$2fid 702 $aOppermann$b Charles A$4ctb 801 0$b0016 801 1$bDE-101 801 2$b9999 906 $aJOURNAL 912 $a9910301724203321 996 $aAlbum pratique de l'art industriel et des beaux-arts$91960196 997 $aUNINA